1389 1975 1046 1129 1441 1343 1616 1617 1094 1150 1105 1504 1456 1785 1790 1815 1093 1853 1318 1932 1823 1756 1410 1686 1895 1965 1897 1371 1343 1096 1197 1311 1700 1429 1145 1777 1636 1406 1906 1552 1930 1800 1986 1179 1326 1461 1186 1814 1937 1905 1605 1049 1213 1287 1549 1920 1355 1305 1890 1669 1760 1740 1904 1833 1797 1922 1417 1642 1427 1750 1768 1455 1388 1463 1244 1494 1262 1952 1787 1005 1521 1985 1898 1569 1555 1301 1988 1445 1516 1653 1039 1765 1380 1467 1500 1751 1398 1959 1362 BCNSPRNW ULIB Ver.6.0+V

เปลี่ยนเป็นภาษาไทย

Change to English
 แสดงรายละเอียดบรรณานุกรม
  กลับหน้าหลัก

Brief Record : Get Marc (ISO 2709) : E-mail record : QR code < ปิดหน้าต่าง
LEADER : 00000nam 2200000uu 4500
001    13399121596
003     ULIB
008    121126s2547||||th 000 0 tha d
020    ^a9749507231
060 04 ^aWT104^bพ565ว
100 0  ^aพันธ์ศักดิ์ ศุกระฤกษ์
245 10 ^aวัยทอง /^cโดย พันธ์ศักดิ์ ศุกระฤกษ์
246 34 ^aเคล็ดลับสู่ความสดใสในวัยทอง
250    ^aพิมพ์ครั้งที่ 4
260    ^aกรุงเทพฯ :^bหมอชาวบ้าน,^c2547
300    ^a119 หน้า :^bภาพประกอบ ;^c21 ซม.
650  7 ^aผู้สูงอายุ^xสุขภาพและอนามัย
650  7 ^aผู้สูงอายุ^xการดูแลตนเอง
650  7 ^aเวชศาสตร์ผู้สูงอายุ
650  7 ^aวัยหมดระดู
650  7 ^aผู้ชายวัยทอง^xสุขภาพและอนามัย
650  7 ^aผู้หญิงวัยทอง^xสุขภาพและอนามัย
945    ^p150^l0^i13951
945    ^p150^l0^i16501
995    ^aวิภา
999 ^a ใช้งานได้ทุกระบบ
รายการนี้ยังไม่มีแท็ก
คุณยังไม่ได้ล็อกอิน คุณสามารถมีกิจกรรมร่วมกับเว็บไซต์ได้ แต่ต้องล็อกอินก่อน ::
  ล็อกอิน

รายการสื่อสารสนเทศ

ลำดับที่ ประเภท เลขเรียก/บาร์โค้ด สถานที่ สถานะ
1. วิทยาศาสตร์การแพทย์ และสุขภาพ
วิทยาศาสตร์การแพทย์ และสุขภาพ
WT104 พ565ว  
  Barcode: 13951
ห้องสมุดวิทยาเขตสวรรค์ประชารักษ์
►หนังสือทั่วไป
บนชั้น
2. วิทยาศาสตร์การแพทย์ และสุขภาพ
วิทยาศาสตร์การแพทย์ และสุขภาพ
WT104 พ565ว ฉ.2 
  Barcode: 16501
ห้องสมุดวิทยาเขตนครสวรรค์
►หนังสือทั่วไป:l:General Books
บนชั้น

รายการใกล้เคียง
    ผู้แต่ง [พันธ์ศักดิ์ ศุกระฤกษ์]

    หัวเรื่อง [เวชศาสตร์ผู้สูงอายุ]
    หัวเรื่อง [วัยหมดระดู]

BibComment


ยังไม่เคยถูกคอมเมนท์

คอมเมนท์ทรัพยากรรายการนี้
  คอมเมนท์: วัยทอง โดย พันธ..


 Copyright 2026. Bcnsprnw @Library